| 000 | 00636nam a2200241Ia 4500 | ||
|---|---|---|---|
| 003 | OSt | ||
| 005 | 20221005081120.0 | ||
| 006 | a|||||r|||| 00| 0 | ||
| 007 | ta | ||
| 008 | 221004b |||||||| |||| 00| 0 eng d | ||
| 024 | _a109586 | ||
| 037 | _cTextual | ||
| 040 |
_aCRL _cCRL _beng |
||
| 041 |
_2eng _aeng |
||
| 082 | _aY73:7:7.2'N8, N4 | ||
| 100 | _aSharma B. D. | ||
| 245 | 0 | _aPlanning for tribal development | |
| 260 |
_aNew Delhi _bPrachi Prakashan India` _c1994 |
||
| 300 |
_axv,398p. _ccm. |
||
| 650 | _aSOCIOLOGY | ||
| 942 |
_hY73:7:7.2'N8, N4 _cTEXL _2cc |
||
| 999 |
_c987172 _d987172 |
||